[Event "Guernsey Open"]
[Site "Guernsey GCI"]
[Date "2004.10.04"]
[Round "2"]
[White "Clark, Ian C"]
[Black "Lock, Gavin R"]
[Result "0-1"]
[WhiteElo "2109"]
[BlackElo "2158"]
[PlyCount "102"]
[EventDate "2004.10.03"]
[SourceDate "2004.10.10"]

1. e4 e6 2. d4 d5 3. Nc3 Bb4 4. Nge2 Nc6 5. e5 Nge7 6. Ng3 Nf5 7. Nxf5 exf5 8.
Be2 Be6 9. O-O O-O 10. Nb1 f6 11. c3 Be7 12. exf6 Bxf6 13. Bf3 Ne7 14. Re1 Bf7
15. b3 Nc8 16. Ba3 Nd6 17. Qd3 g6 18. Nd2 Qd7 19. c4 c6 20. cxd5 cxd5 21. Bxd6
Qxd6 22. Nf1 Qb4 23. Red1 Rac8 24. Ne3 Rfd8 25. h3 Qc3 26. Qb5 Qc6 27. Qb4 Qb6
28. Qxb6 axb6 29. Rd3 h5 30. g3 h4 31. Kh2 hxg3+ 32. fxg3 Rc7 33. Rg1 Kf8 34.
Rg2 Ke7 35. Re2 Kd6 36. Bg2 Re7 37. Rf2 Rxe3 38. Rxe3 Bxd4 39. Ref3 Bxf2 40.
Rxf2 d4 41. Bxb7 Bd5 42. Ba6 Be4 43. g4 Ke5 44. Kg3 d3 45. gxf5 gxf5 46. Rd2
f4+ 47. Kf2 Kd4 48. Bxd3 Bxd3 49. Kf3 Ke5 50. h4 Be4+ 51. Ke2 f3+ 0-1

[Event "Guernsey Open"]
[Site "Guernsey GCI"]
[Date "2004.10.04"]
[Round "2"]
[White "Morcom, HC."]
[Black "Tan, H B."]
[Result "0-1"]
[WhiteElo "2031"]
[BlackElo "2121"]
[PlyCount "46"]
[EventDate "2004.10.03"]
[SourceDate "2004.10.10"]

1. e4 c5 2. b4 cxb4 3. a3 d5 4. e5 Nc6 5. f4 e6 6. Nf3 d4 7. Bd3 Bd7 8. O-O
bxa3 9. Bxa3 Nb4 10. Be4 Qb6 11. Kh1 f5 12. exf6 Nxf6 13. Bd3 Bc5 14. Ne5 Nxd3
15. Nxd3 Bxa3 16. Nxa3 Rc8 17. Ne5 O-O 18. Nac4 Qc5 19. Nxd7 Nxd7 20. d3 b5 21.
Na3 Nb6 22. Nxb5 Qxb5 23. Rxa7 Qf5 0-1

[Event "Guernsey Open"]
[Site "Guernsey GCI"]
[Date "2004.10.04"]
[Round "2"]
[White "Ruston, Mark"]
[Black "Wilman, Carey A"]
[Result "0-1"]
[WhiteElo "2114"]
[BlackElo "2049"]
[PlyCount "96"]
[EventDate "2004.10.03"]
[SourceDate "2004.10.10"]

1. e4 d6 2. Nc3 Nf6 3. d4 g6 4. f4 Bg7 5. Nf3 c5 6. dxc5 Qa5 7. Bd3 Qxc5 8. Qe2
Nc6 9. Be3 Qa5 10. O-O Ng4 11. Bd2 O-O 12. Nd1 Qc5+ 13. Kh1 a6 14. c3 Qa7 15.
h3 Nf6 16. Be3 Qb8 17. Nd4 Bd7 18. g4 b5 19. Nf2 Qb7 20. Kh2 e5 21. Nf3 exf4
22. Bxf4 Ne8 23. e5 Nxe5 24. Nxe5 dxe5 25. Bxe5 Bxe5+ 26. Qxe5 Rc8 27. Be4 Bc6
28. g5 Qc7 29. Qxc7 Rxc7 30. Rad1 f5 31. Bxc6 Rxc6 32. Rfe1 Nc7 33. Rd7 Rf7 34.
Rxf7 Kxf7 35. Nd3 Rd6 36. Ne5+ Kf8 37. Nf3 Ne6 38. h4 Kg7 39. Kg3 h6 40. gxh6+
Kxh6 41. Ne5 Kg7 42. Re2 Kf6 43. Nf3 Rd3 44. Kf2 Nc5 45. Ng5 f4 46. Nh7+ Kf5
47. Ng5 Rg3 48. Nf3 Nd3+ 0-1

[Event "Guernsey Open"]
[Site "Guernsey GCI"]
[Date "2004.10.04"]
[Round "2"]
[White "Gravett, Alan D"]
[Black "Taylor, Mark V"]
[Result "1/2-1/2"]
[WhiteElo "1960"]
[BlackElo "2105"]
[PlyCount "47"]
[EventDate "2004.10.03"]
[SourceDate "2004.10.10"]

1. g3 f5 2. c4 Nf6 3. Nc3 d6 4. Bg2 g6 5. d3 Bg7 6. e3 O-O 7. Nge2 e5 8. O-O
Nc6 9. Rb1 a5 10. b3 Kh8 11. h4 Ne7 12. d4 Nh5 13. dxe5 Bxe5 14. Nd5 Nxd5 15.
cxd5 Rf7 16. Nd4 Ng7 17. Nf3 Bf6 18. e4 Rf8 19. Re1 fxe4 20. Ng5 e3 21. Rxe3
Bf5 22. Ne4 Bxe4 23. Rxe4 Qd7 24. Bb2 1/2-1/2

[Event "Guernsey Open"]
[Site "Guernsey GCI"]
[Date "2004.10.04"]
[Round "2"]
[White "Kamps, JW."]
[Black "Hamperl, Fred"]
[Result "1/2-1/2"]
[WhiteElo "2101"]
[BlackElo "1961"]
[PlyCount "92"]
[EventDate "2004.10.03"]
[SourceDate "2004.10.10"]

1. e4 c5 2. Nc3 Nc6 3. f4 e6 4. Nf3 d5 5. Bb5 dxe4 6. Bxc6+ bxc6 7. Nxe4 Nf6 8.
Qe2 Nxe4 9. Qxe4 Qd5 10. d3 Be7 11. c4 Qd6 12. b3 Bf6 13. Ne5 O-O 14. Ba3 Rd8
15. Rd1 Qd4 16. Qxd4 Rxd4 17. g3 Bb7 18. Bxc5 Rdd8 19. Ke2 g6 20. h4 Bg7 21. d4
Bf8 22. Nd3 Bg7 23. Ke3 a5 24. h5 a4 25. Bb6 c5 26. Nxc5 Bxh1 27. Rxh1 Bxd4+
28. Kd3 Bxc5+ 29. Bxd8 Rxd8+ 30. Kc3 axb3 31. axb3 Bf2 32. g4 Kf8 33. hxg6 hxg6
34. f5 gxf5 35. gxf5 Ke7 36. f6+ Kd6 37. Rh7 Rd7 38. b4 Ke5 39. c5 Kxf6 40. Kc4
Ke7 41. Rh2 Bg3 42. Ra2 f5 43. b5 f4 44. b6 f3 45. c6 f2 46. Ra8 Rd8 {
moves missing at end.} 1/2-1/2

[Event "Guernsey Open"]
[Site "Guernsey GCI"]
[Date "2004.10.04"]
[Round "2"]
[White "Von Saldern, Ruediger"]
[Black "Goris Schouwstra, A."]
[Result "1-0"]
[WhiteElo "2097"]
[BlackElo "1897"]
[PlyCount "138"]
[EventDate "2004.10.03"]
[SourceDate "2004.10.10"]

1. d4 d5 2. c4 e6 3. Nc3 Be7 4. Nf3 Nf6 5. Bg5 O-O 6. e3 h6 7. Bh4 a6 8. Bd3
dxc4 9. Bxc4 b5 10. Bd3 Bb7 11. O-O Nbd7 12. Rc1 Rc8 13. Qe2 c5 14. Rfd1 cxd4
15. Nxd4 b4 16. Na4 Qa5 17. b3 Ne5 18. Bc2 Rfe8 19. Bg3 Red8 20. Nb2 Kf8 21.
Bxe5 Qxe5 22. Nc4 Qg5 23. Nf3 Rxd1+ 24. Rxd1 Qc5 25. e4 Rd8 26. Rxd8+ Bxd8 27.
Kf1 Bc7 28. g3 Qc6 29. Nfd2 Qb5 30. f3 Qd7 31. Qe3 Qb5 32. Bd3 Qc6 33. Qd4 Qd7
34. Qc5+ Qe7 35. Qa7 Bc8 36. Ke2 Ne8 37. e5 g6 38. Be4 Bd8 39. Qd4 Bc7 40. Bc6
a5 41. Ne4 Ba6 42. Ke3 Bxc4 43. Qxc4 Bb6+ 44. Ke2 Qc7 45. Qb5 Ng7 46. g4 Bg1
47. h3 Qa7 48. Kf1 Bd4 49. Kg2 h5 50. Nf6 hxg4 51. hxg4 Qc7 52. f4 Qa7 53. Qc4
Bg1 54. Qe2 Be3 55. Kf3 Bg1 56. Qd3 Qd4 57. Qxd4 Bxd4 58. Ke4 Bc3 59. Nd7+ Ke7
60. Nc5 f5+ 61. exf6+ Bxf6 62. Nb7 g5 63. fxg5 Bxg5 64. Nxa5 Kd6 65. Ba4 Bf6
66. Nc4+ Ke7 67. Bb5 Ne8 68. Bxe8 Kxe8 69. Ne5 Be7 {
remaining moves unreadable 1-0, 75.} 1-0

[Event "Guernsey Open"]
[Site "Guernsey GCI"]
[Date "2004.10.04"]
[Round "2"]
[White "Ippel, Cornelius J"]
[Black "Morton, Peter S"]
[Result "1/2-1/2"]
[WhiteElo "2068"]
[BlackElo "1824"]
[PlyCount "156"]
[EventDate "2004.10.03"]
[SourceDate "2004.10.10"]

1. Nc3 e5 2. e4 Nf6 3. Nf3 Nc6 4. Bc4 Be7 5. d4 d6 6. d5 Nb8 7. h3 O-O 8. Be3
Nbd7 9. g4 Nb6 10. Bd3 Ne8 11. Qd2 g6 12. O-O-O Ng7 13. Rdg1 f6 14. h4 c5 15.
Bh6 Rf7 16. h5 g5 17. Bxg7 Kxg7 18. Nh2 h6 19. Nf1 a5 20. Ne3 Kh7 21. Nf5 Bf8
22. Rg3 a4 23. a3 Bd7 24. Qe2 Be8 25. Qf3 c4 26. Be2 Qc7 27. Ne3 Bd7 28. Na2
Ra5 29. Nd1 Nc8 30. Qc3 b5 31. Nb4 Ra7 32. Qf3 Ne7 33. Nc3 Qc8 34. Qe3 Rb7 35.
Rf1 Ng8 36. f3 Be7 37. Bd1 Bd8 38. Ne2 Bb6 39. Qd2 Rc7 40. c3 Bc5 41. Bc2 Rg7
42. Rg2 Qb7 43. Ng3 Qa7 44. Re2 Ne7 45. Bb1 Qa8 46. Nc2 Qc8 47. Ne3 Qa6 48.
Nef5 Nxf5 49. Nxf5 Bxf5 50. exf5 b4 51. axb4 Bxb4 52. cxb4 a3 53. bxa3 c3 54.
Qc2 Qxa3+ 55. Kd1 Rc4 56. Re4 Qxb4 57. Rxc4 Qxc4 58. Qd3 Qc5 59. Ke2 Rb7 60.
Bc2 Rb4 61. Rd1 Rd4 62. Qe3 Rxd1 63. Bxd1 Qb4 64. Qa7+ Kg8 65. Qa8+ Kf7 66. Qc6
e4 67. Qd7+ Kf8 68. Qe6 Qc5 69. Ke1 c2 70. Qxf6+ Kg8 71. Qg6+ Kf8 72. Qxh6+ Kg8
73. Qe6+ Kh8 74. Bxc2 Qc3+ 75. Kd1 Qxf3+ 76. Kc1 Qf1+ 77. Kb2 Qb5+ 78. Kc3 Qc5+
1/2-1/2

[Event "Guernsey Open"]
[Site "Guernsey GCI"]
[Date "2004.10.04"]
[Round "2"]
[White "Heath, Jeffrey"]
[Black "De Kruif, Kees"]
[Result "0-1"]
[WhiteElo "2019"]
[BlackElo "2056"]
[PlyCount "111"]
[EventDate "2004.10.03"]
[SourceDate "2004.10.10"]

1. e4 c5 2. Nf3 d6 3. g3 Nf6 4. d3 Nc6 5. Bg2 g6 6. Be3 Bg7 7. c3 O-O 8. O-O
Bd7 9. h3 Rb8 10. Re1 b5 11. Qd2 Qc7 12. Bh6 Rfc8 13. Bxg7 Kxg7 14. Qe3 e5 15.
Nbd2 b4 16. c4 a5 17. b3 Ra8 18. Nf1 a4 19. Qd2 Ra6 20. Qc2 Rca8 21. Rab1 Qc8
22. Kh2 Ne8 23. Rb2 Nc7 24. Qd2 Ne6 25. bxa4 Rxa4 26. Ne3 Ned4 27. Nxd4 Nxd4
28. Nd5 R8a6 29. f4 Bxh3 30. f5 Bxf5 31. exf5 Qxf5 32. Rf1 Qh5+ 33. Kg1 f5 34.
Kf2 Qh6 35. Rd1 Qxd2+ 36. Rdxd2 Ra7 37. Kg1 Ra3 38. Kf2 g5 39. Kg1 Kg6 40. Kh2
h5 41. Bh1 g4 42. Bg2 Kg5 43. Kh1 h4 44. gxh4+ Kxh4 45. Kh2 f4 46. Be4 f3 47.
Nf6 Ne2 48. Kh1 Kg5 49. Nd5 Ra8 50. Rxe2 fxe2 51. Rxe2 Rxa2 52. Rg2 Rxg2 53.
Kxg2 b3 54. Kg3 Ra1 55. Nc3 b2 56. d4 0-1

[Event "Guernsey Open"]
[Site "Guernsey GCI"]
[Date "2004.10.04"]
[Round "2"]
[White "Gruettner, Ralf"]
[Black "Downey, Keith A"]
[Result "1-0"]
[WhiteElo "2056"]
[BlackElo "1821"]
[PlyCount "51"]
[EventDate "2004.10.03"]
[SourceDate "2004.10.10"]

1. d4 Nf6 2. c4 e6 3. Nc3 Bb4 4. Bd2 d5 5. cxd5 exd5 6. Nf3 c6 7. e3 Bd6 8. Bd3
Bg4 9. Qc2 Nbd7 10. h3 Bxf3 11. gxf3 Qc7 12. O-O-O O-O-O 13. Kb1 Kb8 14. Rc1
Nb6 15. Na4 Nxa4 16. Qxa4 Qe7 17. b4 g6 18. Rc2 Nd7 19. Qb3 a6 20. Rhc1 Rc8 21.
a4 Qe6 22. Bxa6 bxa6 23. Rxc6 Rxc6 24. Rxc6 Ka7 25. b5 Nb8 26. bxa6 1-0

[Event "Guernsey Open"]
[Site "Guernsey GCI"]
[Date "2004.10.05"]
[Round "3"]
[White "Havenaar, Jan"]
[Black "Bellin, Robert"]
[Result "0-1"]
[WhiteElo "2169"]
[BlackElo "2383"]
[PlyCount "100"]
[EventDate "2004.10.03"]
[SourceDate "2004.10.10"]

1. Nc3 d5 2. e4 d4 3. Nce2 e5 4. Ng3 Be6 5. c3 c5 6. Bb5+ Nd7 7. Nf3 f6 8. Qe2
Rc8 9. Bc4 Bxc4 10. Qxc4 Ne7 11. O-O Nb6 12. Qb5+ Qd7 13. Qxd7+ Kxd7 14. d3 Nc6
15. c4 Na8 16. Bd2 Nc7 17. Rfc1 a6 18. Ne1 g6 19. a3 Rb8 20. Rc2 Be7 21. f4
exf4 22. Bxf4 Rbe8 23. Nf3 Ne6 24. Ne2 h5 25. h3 Rhg8 26. Bh2 Bd6 27. Bxd6 Kxd6
28. Ng3 Ne5 29. Nxe5 fxe5 30. Rf1 Ref8 31. Nh1 Rxf1+ 32. Kxf1 Nf4 33. Nf2 Rf8
34. Kg1 h4 35. Rd2 b5 36. cxb5 axb5 37. b3 Ra8 38. Ra2 Ra5 39. Kf1 c4 40. b4
Ra4 41. dxc4 bxc4 42. Ra1 c3 43. Ke1 Nxg2+ 44. Kd1 Ne3+ 45. Ke2 Nc4 46. Rg1
Rxa3 47. Rxg6+ Kc7 48. Kd3 Ne3 49. b5 Ra2 50. Rc6+ Kb7 0-1

[Event "Guernsey Open"]
[Site "Guernsey GCI"]
[Date "2004.10.05"]
[Round "3"]
[White "Corkett, Anthony R"]
[Black "Rosen, Daniel B"]
[Result "1-0"]
[WhiteElo "2310"]
[BlackElo "2165"]
[PlyCount "35"]
[EventDate "2004.10.03"]
[SourceDate "2004.10.10"]

1. Nc3 e6 2. e4 d5 3. d4 dxe4 4. Nxe4 Nd7 5. Nf3 Ngf6 6. Nxf6+ Nxf6 7. Bd3 Be7
8. Qe2 a6 9. O-O b6 10. Rd1 Bb7 11. c4 O-O 12. b3 Qd6 13. Ne5 Rfe8 14. Bf4 Bf8
15. Bg5 Qe7 16. Ng4 Rad8 17. Nxf6+ gxf6 18. Qh5 1-0

[Event "Guernsey Open"]
[Site "Guernsey GCI"]
[Date "2004.10.05"]
[Round "3"]
[White "Reijneveld, Ad"]
[Black "Kitchlew, Andrew"]
[Result "1-0"]
[WhiteElo "2203"]
[BlackElo "2111"]
[PlyCount "87"]
[EventDate "2004.10.03"]
[SourceDate "2004.10.10"]

1. Nc3 c5 2. Nf3 Nc6 3. d4 cxd4 4. Nxd4 d6 5. g3 e5 6. Nb3 Be6 7. Bg2 a6 8. O-O
Qd7 9. Nd5 Rd8 10. c4 f5 11. Be3 Bxd5 12. cxd5 Nce7 13. Na5 Qb5 14. Qd2 e4 15.
Rfd1 Nf6 16. a4 Qd7 17. Nc4 Nexd5 18. Nb6 Nxb6 19. Bxb6 Rc8 20. Qg5 d5 21. Bh3
Qf7 22. Qxf5 Rc6 23. Rac1 Qd7 24. Qe5+ Qe7 25. Qb8+ Kf7 26. Rxc6 bxc6 27. Qc8
c5 28. Rc1 e3 29. Bxc5 exf2+ 30. Bxf2 Qxe2 31. Re1 Qf3 32. Qxa6 h5 33. Rf1 Qe4
34. Qa7+ Kg6 35. Be3 Qe7 36. a5 h4 37. Bf5+ Kf7 38. g4 Qxa7 39. Bxa7 g6 40. Bd3
Ke6 41. Rxf6+ Kxf6 42. Bd4+ Kg5 43. Bxh8 Bc5+ 44. Kg2 1-0

[Event "Guernsey Open"]
[Site "Guernsey GCI"]
[Date "2004.10.05"]
[Round "3"]
[White "Thurlow, Kevin J"]
[Black "Shabtai, Ran"]
[Result "1/2-1/2"]
[WhiteElo "2145"]
[BlackElo "2268"]
[PlyCount "30"]
[EventDate "2004.10.03"]
[SourceDate "2004.10.10"]

1. e4 e6 2. d4 d5 3. Nd2 c5 4. Ngf3 Nf6 5. exd5 Qxd5 6. Bc4 Qd6 7. O-O cxd4 8.
Nb3 Nc6 9. Nbxd4 Nxd4 10. Qxd4 Qxd4 11. Nxd4 a6 12. Bf4 Bc5 13. Rad1 O-O 14.
Be2 Nd5 15. Bg3 b5 1/2-1/2

[Event "Guernsey Open"]
[Site "Guernsey GCI"]
[Date "2004.10.05"]
[Round "3"]
[White "Lock, Gavin R"]
[Black "Key, Eric"]
[Result "1/2-1/2"]
[WhiteElo "2158"]
[BlackElo "1792"]
[PlyCount "73"]
[EventDate "2004.10.03"]
[SourceDate "2004.10.10"]

1. Nf3 d5 2. d4 Nf6 3. c4 c6 4. Nc3 Bf5 5. cxd5 Nxd5 6. Qb3 Qb6 7. Nxd5 Qxb3 8.
Nc7+ Kd7 9. axb3 Kxc7 10. Bf4+ Kc8 11. Ne5 f6 12. Nc4 Nd7 13. f3 e5 14. dxe5
Bb4+ 15. Bd2 Bxd2+ 16. Kxd2 Kc7 17. e4 Be6 18. exf6 gxf6 19. Kc3 b5 20. Ne3 a5
21. Nf5 Bxf5 22. exf5 Rhe8 23. Bd3 Nc5 24. Rhe1 Kb6 25. Rad1 Rad8 26. Be4 b4+
27. Kc2 Rxd1 28. Rxd1 Nxe4 29. fxe4 Rxe4 30. Rd6 Re2+ 31. Kc1 Rxg2 32. Rxf6
Rxh2 33. Rf7 h5 34. f6 Rf2 35. Rh7 Rxf6 36. Rxh5 Rf8 37. Kc2 1/2-1/2

[Event "Guernsey Open"]
[Site "Guernsey GCI"]
[Date "2004.10.05"]
[Round "3"]
[White "Burrows, Martin"]
[Black "Gruettner, Ralf"]
[Result "1-0"]
[WhiteElo "2201"]
[BlackElo "2056"]
[PlyCount "125"]
[EventDate "2004.10.03"]
[SourceDate "2004.10.10"]

1. e4 Nf6 2. e5 Nd5 3. d4 d6 4. c4 Nb6 5. exd6 cxd6 6. Nc3 g6 7. a4 Bg7 8. a5
N6d7 9. Ra3 O-O 10. Nf3 Nc6 11. d5 Nce5 12. Nd4 Nc5 13. b4 Na6 14. Rb3 Bd7 15.
f4 Ng4 16. h3 e5 17. Nf3 Nh6 18. fxe5 dxe5 19. Bg5 f6 20. Bd2 Nf5 21. Ne4 Ba4
22. b5 Nd6 23. Nxd6 Nc5 24. Nxb7 Nxb7 25. Qb1 Bxb3 26. Qxb3 Rc8 27. Bb4 Re8 28.
Qa3 f5 29. a6 e4 30. Nd2 Nc5 31. Bxc5 f4 32. Be2 f3 33. gxf3 Rxc5 34. Qxc5 exf3
35. Nxf3 Qa5+ 36. Kf2 Qa2 37. Re1 Bc3 38. Nd4 Rf8+ 39. Qxf8+ Kxf8 40. Ne6+ Kf7
41. Rd1 Bb4 42. c5 Bd2 43. b6 Qxd5 44. b7 Qf5+ 45. Bf3 Be3+ 46. Kxe3 Qxe6+ 47.
Kf2 Qe5 48. Rd5 Qh2+ 49. Ke3 Qg1+ 50. Ke2 Qh2+ 51. Ke3 Qg1+ 52. Kd3 Qf1+ 53.
Ke4 Qe1+ 54. Kd4 Qf2+ 55. Kc4 Qc2+ 56. Kb5 Ke7 57. Kc6 Qa4+ 58. Kc7 Qa5+ 59.
Kc8 Qxa6 60. Rd6 Qf1 61. b8=Q Qxf3 62. Qc7+ Kf8 63. Rd8# 1-0

[Event "Guernsey Open"]
[Site "Guernsey GCI"]
[Date "2004.10.05"]
[Round "3"]
[White "Burton, Ronnie"]
[Black "Wismayer, Clive R"]
[Result "0-1"]
[WhiteElo "2051"]
[BlackElo "2129"]
[PlyCount "64"]
[EventDate "2004.10.03"]
[SourceDate "2004.10.10"]

1. d4 d5 2. Nf3 c6 3. Bf4 Bf5 4. c4 e6 5. Qb3 Qb6 6. Nbd2 Nf6 7. e3 Nbd7 8. Be2
h6 9. h3 Qxb3 10. axb3 Be7 11. O-O O-O 12. c5 Ne4 13. Nxe4 dxe4 14. Nd2 e5 15.
Bg3 exd4 16. exd4 Bf6 17. Ra4 b5 18. cxb6 Nxb6 19. Ra5 Nd5 20. Be5 Bxe5 21.
dxe5 Nf4 22. Ba6 Rfd8 23. Nc4 Rab8 24. Nd6 Be6 25. Bc4 Bxc4 26. bxc4 Rxb2 27.
Rxa7 Ng6 28. Nxe4 Nxe5 29. c5 Rd5 30. Nd6 Rc2 31. Ra8+ Kh7 32. Nxf7 Nxf7 0-1

[Event "Guernsey Open"]
[Site "Guernsey GCI"]
[Date "2004.10.05"]
[Round "3"]
[White "Tan, H B."]
[Black "Wilman, Carey A"]
[Result "1/2-1/2"]
[WhiteElo "2121"]
[BlackElo "2049"]
[PlyCount "82"]
[EventDate "2004.10.03"]
[SourceDate "2004.10.10"]

1. e4 d6 2. f4 g6 3. d3 Bg7 4. Nf3 Bg4 5. h3 Bxf3 6. Qxf3 c6 7. Be2 Nd7 8. Nd2
Ngf6 9. c3 O-O 10. g4 Ne8 11. h4 f5 12. h5 fxg4 13. Qxg4 Nef6 14. Qe6+ Rf7 15.
hxg6 hxg6 16. Nf3 Nc5 17. Qh3 Qd7 18. Qg2 Qg4 19. Qxg4 Nxg4 20. Ng5 Nh6 21.
Nxf7 Nxf7 22. Rg1 Kh7 23. Bd2 e5 24. b4 Nd7 25. f5 gxf5 26. Bh5 Kg8 27. exf5
Nf6 28. Bg6 a5 29. b5 c5 30. O-O-O e4 31. Rde1 d5 32. c4 Ne5 33. Re3 Nf3 34.
Rxf3 exf3 35. Rf1 dxc4 36. dxc4 Ne4 37. Rxf3 Nxd2 38. Kxd2 Rd8+ 39. Ke2 Rd6 40.
Re3 Bf8 41. Rd3 Rd4 1/2-1/2

[Event "Guernsey Open"]
[Site "Guernsey GCI"]
[Date "2004.10.05"]
[Round "3"]
[White "Twitchell, DJ."]
[Black "Johansson, Toni"]
[Result "0-1"]
[WhiteElo "1792"]
[BlackElo "2123"]
[PlyCount "90"]
[EventDate "2004.10.03"]
[SourceDate "2004.10.10"]

1. e4 c5 2. d4 cxd4 3. c3 d3 4. Bxd3 Nc6 5. Nf3 g6 6. O-O Bg7 7. Bc4 Nf6 8. Qe2
d6 9. h3 O-O 10. a4 Qc7 11. Na3 Ne5 12. Nxe5 dxe5 13. Nb5 Qb8 14. Be3 Nh5 15.
Bc5 Bd7 16. Rad1 Rd8 17. Qf3 Nf6 18. Bb3 a6 19. Na3 Bc6 20. Rxd8+ Qxd8 21. Rd1
Qe8 22. Bd5 Bxa4 23. Rd2 Rd8 24. Nc4 Nxd5 25. exd5 f5 26. Nb6 Bd7 27. Ba3 Qf7
28. Qd1 h6 29. Qb3 g5 30. c4 f4 31. f3 Bf5 32. d6 exd6 33. Bxd6 Qe6 34. Qb4 e4
35. Nd5 exf3 36. Ne7+ Kh7 37. Nxf5 Qxf5 38. Qxb7 Qb1+ 39. Kf2 fxg2 40. Kxg2 Qe1
41. Qd5 Qg3+ 42. Kf1 Qxh3+ 43. Kg1 Qg4+ 44. Kh2 Re8 45. Qf7 Qg3+ 0-1

[Event "Guernsey Open"]
[Site "Guernsey GCI"]
[Date "2004.10.05"]
[Round "3"]
[White "Goris, Ton"]
[Black "Robertson, PC."]
[Result "0-1"]
[WhiteElo "2072"]
[BlackElo "1880"]
[PlyCount "102"]
[EventDate "2004.10.03"]
[SourceDate "2004.10.10"]

1. e4 c5 2. c3 d5 3. exd5 Qxd5 4. d4 Nc6 5. Nf3 Bg4 6. Be2 cxd4 7. cxd4 e6 8.
Nc3 Qd7 9. Be3 Nf6 10. h3 Bh5 11. O-O Be7 12. Qd2 O-O 13. Rfd1 Rfd8 14. Qe1 Qe8
15. Rac1 Rac8 16. g4 Bg6 17. Ne5 Nd5 18. Nxg6 hxg6 19. Nxd5 exd5 20. Bf3 f6 21.
Qe2 Qd7 22. Qb5 Kf7 23. a3 a6 24. Qa4 Na7 25. Qb3 Rxc1 26. Rxc1 Nc6 27. Qb6 f5
28. Bf4 g5 29. Be5 f4 30. Kg2 Bf6 31. Bxf6 gxf6 32. Rc5 Ne7 33. Rc7 Qd6 34.
Qxb7 Ke6 35. Bxd5+ Qxd5+ 36. Qxd5+ Rxd5 37. Rc4 Rd6 38. Kf3 Kd5 39. Rc5+ Kxd4
40. b4 Rc6 41. Ra5 Rc3+ 42. Kg2 Rc6 43. h4 gxh4 44. Kf3 Ng6 45. a4 Rc3+ 46. Kg2
Rc6 47. b5 axb5 48. Rxb5 Kc4 49. Rf5 Kb4 50. a5 Ra6 51. g5 Rxa5 0-1

[Event "Guernsey Open"]
[Site "Guernsey GCI"]
[Date "2004.10.05"]
[Round "3"]
[White "Taylor, RP."]
[Black "Von Saldern, Ruediger"]
[Result "0-1"]
[WhiteElo "1640"]
[BlackElo "2097"]
[PlyCount "76"]
[EventDate "2004.10.03"]
[SourceDate "2004.10.10"]

1. d4 d5 2. Nf3 Nf6 3. Bg5 e6 4. e3 Be7 5. Nbd2 O-O 6. Bd3 Nbd7 7. Qe2 c5 8. c3
a6 9. O-O b5 10. Rac1 Bb7 11. Rfd1 h6 12. Bf4 Rc8 13. Ne5 Nxe5 14. Bxe5 Nd7 15.
Bg3 Bf6 16. Qh5 Re8 17. Nf3 Qe7 18. Ne5 Bxe5 19. dxe5 Qg5 20. Qxg5 hxg5 21. Be2
Rc7 22. f4 gxf4 23. exf4 Nb6 24. Bf3 Rec8 25. Bf2 Nd7 26. g4 g5 27. Bg3 gxf4
28. Bxf4 a5 29. h4 b4 30. Rc2 a4 31. cxb4 cxb4 32. Rxc7 Rxc7 33. Rd4 Rc4 34.
Rxc4 dxc4 35. Bxb7 Nc5 36. Bd2 c3 37. bxc3 b3 38. axb3 Nxb3 0-1

[Event "Guernsey Open"]
[Site "Guernsey GCI"]
[Date "2004.10.05"]
[Round "3"]
[White "Rowe, Peter"]
[Black "Murray, JS."]
[Result "1/2-1/2"]
[WhiteElo "2085"]
[BlackElo "1824"]
[PlyCount "115"]
[EventDate "2004.10.03"]
[SourceDate "2004.10.10"]

1. d4 d5 2. Nf3 Nf6 3. Bf4 e6 4. e3 Be7 5. Bd3 O-O 6. Nbd2 Nbd7 7. h3 c5 8. c3
Re8 9. Ne5 cxd4 10. exd4 Nxe5 11. dxe5 Nd7 12. Qh5 g6 13. Qg4 f5 14. Qe2 Nc5
15. O-O Nxd3 16. Qxd3 Bd7 17. Rfd1 Qb6 18. Be3 Bc5 19. Bxc5 Qxc5 20. Nb3 Qc7
21. Re1 Rad8 22. Nd4 a6 23. Qg3 Bc8 24. Rac1 Qg7 25. h4 Re7 26. Rc2 Rc7 27.
Rec1 Rf8 28. f4 h6 29. c4 dxc4 30. Rxc4 Rxc4 31. Rxc4 Rd8 32. Qc3 Qd7 33. Kf2
b5 34. Rc7 Qxd4+ 35. Qxd4 Rxd4 36. Rxc8+ Kf7 37. Ke3 Re4+ 38. Kf3 Rb4 39. b3 a5
40. g3 a4 41. Rc3 axb3 42. axb3 Re4 43. g4 Rd4 44. gxf5 gxf5 45. h5 Rd1 46. Ke3
Rh1 47. Kd4 Rxh5 48. Kc5 Rh4 49. Rf3 Rh1 50. Kxb5 h5 51. b4 h4 52. Kb6 h3 53.
b5 h2 54. Rh3 Kg6 55. Kb7 Rb1 56. Rxh2 Rxb5+ 57. Kc6 Rd5 58. Rh8 1/2-1/2

[Event "Guernsey Open"]
[Site "Guernsey GCI"]
[Date "2004.10.05"]
[Round "3"]
[White "De Kruif, Kees"]
[Black "Jones, HCN."]
[Result "1-0"]
[WhiteElo "2056"]
[BlackElo "1664"]
[PlyCount "85"]
[EventDate "2004.10.03"]
[SourceDate "2004.10.10"]

1. g3 e5 2. Bg2 d5 3. c4 d4 4. d3 c5 5. Nf3 Bd6 6. O-O Ne7 7. Nbd2 Nbc6 8. Ne4
O-O 9. a3 a5 10. Nfg5 f5 11. Nxd6 Qxd6 12. f4 h6 13. fxe5 Nxe5 14. Nf3 Nxf3+
15. exf3 Nc6 16. Qc2 Ne5 17. Bf4 g5 18. Bxe5 Qxe5 19. Rae1 Qc7 20. f4 gxf4 21.
Rxf4 Bd7 22. Bd5+ Kg7 23. Qg2 Rae8 24. Ref1 Rf6 25. Bxb7 Rb6 26. Bd5 Re3 27. g4
Rg6 28. Kh1 Qe5 29. Be4 h5 30. Bxf5 Bc6 31. Be4 Bxe4 32. Rxe4 Rxe4 33. Qxe4
Qxe4+ 34. dxe4 Rxg4 35. Rf5 Rxe4 36. Rxc5 d3 37. Rd5 Re1+ 38. Kg2 Re2+ 39. Kg3
d2 40. b4 axb4 41. axb4 h4+ 42. Kxh4 Kg8 43. b5 {
remaining moves unreadable, but 1-0, 49.} 1-0

[Event "Guernsey Open"]
[Site "Guernsey GCI"]
[Date "2004.10.05"]
[Round "3"]
[White "Hamperl, Fred"]
[Black "Clark, Ian C"]
[Result "0-1"]
[WhiteElo "1961"]
[BlackElo "2109"]
[PlyCount "74"]
[EventDate "2004.10.03"]
[SourceDate "2004.10.10"]

1. e4 c5 2. Nc3 Nc6 3. Bb5 Nd4 4. Bc4 e6 5. Nf3 a6 6. Nxd4 cxd4 7. Ne2 b5 8.
Bb3 Bb7 9. d3 Bc5 10. O-O Ne7 11. Ng3 Qc7 12. Bd2 d5 13. Qh5 dxe4 14. Nxe4 Bxe4
15. dxe4 Ng6 16. Rad1 Qe5 17. Qxe5 Nxe5 18. Rfe1 O-O 19. Kf1 Rfd8 20. Bf4 Nc4
21. Bc1 Rac8 22. e5 Na5 23. Bg5 {(=)} Rd7 24. Rd3 Rdc7 25. Red1 h6 26. Bh4 Bb6
27. c3 g5 28. Bg3 Nxb3 29. axb3 dxc3 30. bxc3 Rxc3 31. Rxc3 Rxc3 32. Rd6 Bc7
33. Rxa6 Rxb3 34. Ra7 Bb6 35. Rb7 Bd4 36. f4 Rb2 37. h4 gxf4 0-1

[Event "Guernsey Open"]
[Site "Guernsey GCI"]
[Date "2004.10.05"]
[Round "3"]
[White "Taylor, Mark V"]
[Black "Ippel, Cornelius J"]
[Result "1-0"]
[WhiteElo "2105"]
[BlackElo "2068"]
[PlyCount "57"]
[EventDate "2004.10.03"]
[SourceDate "2004.10.10"]

1. d4 e6 2. Nc3 d5 3. Nf3 c5 4. e4 Nf6 5. Bg5 Be7 6. exd5 Nxd5 7. Bb5+ Nc6 8.
Bxe7 Qxe7 9. O-O O-O 10. Re1 Nxc3 11. bxc3 cxd4 12. cxd4 Rd8 13. c3 Qc7 14. Qe2
Ne7 15. Rac1 a6 16. Bd3 Qf4 17. Qc2 g6 18. Re4 Qf6 19. Qd2 Qg7 20. Ne5 b5 21.
c4 f5 22. Ree1 Rxd4 23. Qe3 Rd8 24. Qb6 Qf8 25. cxb5 axb5 26. Bxb5 Rxa2 27.
Rxc8 Rad2 28. Qxe6+ Kg7 29. Rc7 1-0

[Event "Guernsey Open"]
[Site "Guernsey GCI"]
[Date "2004.10.05"]
[Round "3"]
[White "Morton, Peter S"]
[Black "Kamps, JW."]
[Result "1/2-1/2"]
[WhiteElo "1824"]
[BlackElo "2101"]
[PlyCount "26"]
[EventDate "2004.10.03"]
[SourceDate "2004.10.10"]

1. e4 c5 2. g3 Nc6 3. Bg2 g6 4. Ne2 Bg7 5. c3 e5 6. Na3 Nge7 7. Nc2 d5 8. exd5
Nxd5 9. O-O f5 10. f4 O-O 11. fxe5 Bxe5 12. d4 cxd4 13. Ncxd4 Nxd4 1/2-1/2

[Event "Guernsey Open"]
[Site "Guernsey GCI"]
[Date "2004.10.05"]
[Round "3"]
[White "Goldberg, Menashe"]
[Black "Gravett, Alan D"]
[Result "0-1"]
[WhiteElo "2005"]
[BlackElo "1960"]
[PlyCount "64"]
[EventDate "2004.10.03"]
[SourceDate "2004.10.10"]

1. d4 Nf6 2. Nc3 e6 3. e4 d5 4. e5 Nfd7 5. f4 c5 6. Nf3 Nc6 7. Bb5 Qb6 8. Bxc6
bxc6 9. O-O cxd4 10. Nxd4 Bc5 11. Be3 Bxd4 12. Bxd4 c5 13. Bf2 Qxb2 14. Qd3 Qb6
15. Rab1 Ba6 16. Qg3 Qc6 17. Rfe1 g6 18. a4 O-O 19. h4 Rab8 20. h5 Rb4 21. Qg5
Rxb1 22. Rxb1 d4 23. Nb5 f6 24. exf6 Rxf6 25. hxg6 Rxg6 26. Qd8+ Nf8 27. g3 Bb7
28. Kf1 Qh1+ 29. Ke2 Qxb1 30. Nxd4 cxd4 31. Kd3 Ba6+ 32. Kxd4 Qd1+ 0-1